000
00221nam a22000857a 4500
008
160705b xxu||||| |||| 00| 0 eng d
100
_9
2087
_a
Ara, J
245
_a
Watching Birds
260
_a
New Delhi
_b
National Book Trust
_c
1970
999
_c
1783
_d
1783